[Event "20th Vidmar Mem"]
[Site "Bled SLO"]
[Date "2016.06.24"]
[Round "1.1"]
[White "Naiditsch, Arkadij"]
[Black "Skoberne, Jure"]
[Result "1-0"]
[WhiteTitle "GM"]
[BlackTitle "GM"]
[WhiteElo "2657"]
[BlackElo "2572"]
[WhiteFideId "4650891"]
[BlackFideId "14604299"]
[EventDate "2016.06.24"]

1. e4 e6 2. d4 d5 3. Nc3 Nf6 4. Bg5 dxe4 5. Nxe4 Be7 6. Nxf6+ Bxf6 7. Bxf6 Qxf6
8. Nf3 c5 9. Bb5+ Bd7 10. Qe2 a6 11. Bxd7+ Nxd7 12. O-O-O O-O 13. d5 exd5 14.
Rxd5 Rfe8 15. Qd3 Nb6 16. Rd6 Re6 17. Rxe6 Qxe6 18. Ng5 Qg6 19. Qxg6 hxg6 20.
Rd1 Nc4 21. b3 Ne5 22. h3 c4 23. f4 Nc6 24. bxc4 Re8 25. Rd7 f6 26. Nf3 Re4 27.
Rxb7 Rxf4 28. Rc7 Rxc4 29. Nd2 Rc5 30. Rc8+ Kh7 31. h4 g5 32. hxg5 fxg5 33. Nf3 1-0

[Event "20th Vidmar Mem"]
[Site "Bled SLO"]
[Date "2016.06.24"]
[Round "1.2"]
[White "Nisipeanu, Liviu-Dieter"]
[Black "Sebenik, Matej"]
[Result "1/2-1/2"]
[WhiteTitle "GM"]
[BlackTitle "GM"]
[WhiteElo "2668"]
[BlackElo "2530"]
[WhiteFideId "1202758"]
[BlackFideId "14602296"]
[EventDate "2016.06.24"]

1. d4 Nf6 2. Nf3 g6 3. c4 Bg7 4. Nc3 O-O 5. Bg5 c5 6. e3 cxd4 7. Nxd4 Nc6 8. Be2
d6 9. O-O Bd7 10. Rc1 a6 11. Qb3 Nxd4 12. exd4 b5 13. cxb5 axb5 14. Bxb5 Bxb5
15. Nxb5 Qa5 16. Ra1 Qa4 17. Qxa4 Rxa4 18. a3 Rb8 19. Bxf6 Rxb5 20. Bxe7 Bxd4
21. Bxd6 Rb6 22. Be7 Rb7 23. b3 Raa7 24. Rad1 Rxe7 25. Rxd4 Rxa3 26. Rd3 Re2 27.
Rb1 Rb2 28. Rdd1 Raxb3 29. Rxb2 1/2-1/2

[Event "20th Vidmar Mem"]
[Site "Bled SLO"]
[Date "2016.06.24"]
[Round "1.3"]
[White "Lenic, Luka"]
[Black "Beliavsky, Alexander G"]
[Result "1/2-1/2"]
[WhiteTitle "GM"]
[BlackTitle "GM"]
[WhiteElo "2624"]
[BlackElo "2603"]
[WhiteFideId "14603853"]
[BlackFideId "14602377"]
[EventDate "2016.06.24"]

1. d4 d5 2. c4 c6 3. Nf3 Nf6 4. Nc3 dxc4 5. a4 Bf5 6. Nh4 Bc8 7. e3 e6 8. Bxc4
c5 9. Nf3 cxd4 10. Nxd4 Bc5 11. O-O O-O 12. Qe2 Nbd7 13. Rd1 Qe7 14. Nf3 b6 15.
h3 Bb7 16. e4 Rfc8 17. Bd3 Bb4 18. Na2 Bd6 19. Nc3 Ne5 20. Bf4 Ng6 21. Bxd6 Qxd6
22. e5 Bxf3 23. exd6 Bxe2 24. Bxe2 Rc5 25. Nb5 a5 26. Rac1 Nd7 27. Na3 Rac8 28.
Rxc5 Rxc5 29. f4 Ngf8 30. Bb5 f6 31. Nc4 Kf7 32. Kf2 g5 1/2-1/2

[Event "20th Vidmar Mem"]
[Site "Bled SLO"]
[Date "2016.06.24"]
[Round "1.4"]
[White "Borisek, Jure"]
[Black "Kozul, Zdenko"]
[Result "1/2-1/2"]
[WhiteTitle "GM"]
[BlackTitle "GM"]
[WhiteElo "2576"]
[BlackElo "2594"]
[WhiteFideId "14603152"]
[BlackFideId "14502879"]
[EventDate "2016.06.24"]

1. e4 c5 2. Nf3 d6 3. d4 cxd4 4. Nxd4 Nf6 5. Nc3 a6 6. Be3 Ng4 7. Bc1 Nf6 8. f3
e6 9. Be3 Be7 10. Qd2 b5 11. g4 Bb7 12. O-O-O Nfd7 13. Kb1 Ne5 14. Qg2 b4 15.
Na4 Nbd7 16. f4 Nc6 17. b3 Qc7 18. g5 Na7 19. Bc4 g6 20. Bc1 e5 21. fxe5 Nxe5
22. Bd5 Nb5 23. h4 O-O-O 24. Rhf1 Rhf8 25. Bb2 Kb8 26. Nf3 Na3+ 27. Bxa3 bxa3
28. Nd4 Bc8 29. Qd2 Bd7 30. Qb4+ Ka7 31. Qxa3 Qa5 32. Qb2 Rc8 33. Nf3 Bxa4 34.
Nxe5 dxe5 35. bxa4 Rc7 36. Bb3 f6 37. gxf6 Rxf6 38. Rh1 Rd6 39. Qc1 Rxd1 40.
Qxd1 Qc3 41. Qd3 Ba3 42. Qxc3 Rxc3 43. Bg8 h6 44. a5 Re3 45. Bh7 Rxe4 46. c3 Re2
47. Bxg6 e4 48. Rd1 Rb2+ 49. Ka1 e3 50. Re1 Rh2 51. Rxe3 Rh1+ 52. Bb1 Rxh4 53.
Rg3 Rh2 54. Be4 Re2 55. Bd3 Re1+ 56. Bb1 h5 57. Rh3 Re2 58. Bd3 Re1+ 59. Bb1 Re5
60. c4 Be7 61. Kb2 h4 62. Kb3 Rxa5 63. a4 Re5 64. Rf3 Kb6 65. Bd3 Re1 66. c5+
Bxc5 67. Rf6+ Kc7 68. Rxa6 Ra1 69. Rh6 Be7 70. Rh5 Ra3+ 71. Kc2 Rxa4 72. Kd2 Kd6
73. Ke3 Rg4 74. Be2 Bg5+ 75. Kf2 Rg3 76. Bf3 Ke5 77. Rh8 Be7 78. Rh7 Bf6 79. Rb7
Kf5 80. Rb4 Rg7 81. Bg4+ Ke5 82. Kf3 Ra7 83. Re4+ Kd5 84. Be6+ Kc5 85. Re3 Bd4
86. Re2 Ra3+ 87. Kg4 Bf6 88. Rf2 Rg3+ 89. Kh5 Be7 90. Bg4 Rd3 91. Rf3 Rd8 92.
Be6 Rd4 93. Bf5 Rd8 94. Rc3+ Kb4 95. Re3 Rh8+ 96. Kg6 Bc5 97. Re4+ Kc3 98. Bh3
Bf2 99. Rf4 Bg3 100. Re4 Kd3 101. Re7 Kd4 102. Ra7 Be5 103. Kf5 Rf8+ 104. Kg4
Bg3 105. Ra4+ Ke3 106. Bg2 Rb8 107. Ra3+ Kf2 108. Kh3 Rb1 109. Be4 Rb2 110. Bg2
Re2 111. Rf3+ Ke1 1/2-1/2

[Event "20th Vidmar Mem"]
[Site "Bled SLO"]
[Date "2016.06.24"]
[Round "1.5"]
[White "Ivanisevic, Ivan"]
[Black "Volokitin, Andrei"]
[Result "0-1"]
[WhiteTitle "GM"]
[BlackTitle "GM"]
[WhiteElo "2643"]
[BlackElo "2624"]
[WhiteFideId "912417"]
[BlackFideId "14107090"]
[EventDate "2016.06.24"]

1. d4 Nf6 2. c4 g6 3. g3 c6 4. Nf3 Bg7 5. Nc3 d5 6. Qb3 O-O 7. Bg2 Qb6 8. O-O
Rd8 9. Na4 Qxb3 10. axb3 Na6 11. Nc3 Be6 12. Ra4 Nd7 13. cxd5 Bxd5 14. Nxd5 cxd5
15. Bg5 Bf6 16. Bxf6 Nxf6 17. Rfa1 Rd6 18. e3 Rb6 19. R4a3 Rc8 20. Ne1 Ne4 21.
Rd1 e6 22. Bf1 Rcc6 23. Bd3 Nb4 24. f3 Nd6 25. Rxa7 Nxd3 26. Rxd3 Rc1 27. Kf2
Rb1 28. Ra2 Ra6 29. Rxa6 Rxb2+ 30. Kg1 bxa6 31. g4 Nb7 32. Rc3 Na5 33. Nd3 Rxb3
34. Rc8+ Kg7 35. Ne5 Nc4 36. Nxc4 dxc4 37. Kf2 c3 38. Ke2 a5 39. Kd3 Kf6 40. h4
h5 41. gxh5 gxh5 42. Rxc3 Rxc3+ 43. Kxc3 Ke7 44. Kc4 Kd6 45. Kb5 Kd5 46. Kxa5
Kc4 47. Kb6 Kd3 48. Kc5 Kxe3 49. Kd6 Kxd4 50. Ke7 f5 51. Kf6 Ke3 52. Kg5 Kxf3
53. Kxh5 Kg3 54. Kg5 f4 55. h5 f3 56. h6 f2 57. h7 f1=Q 58. h8=Q Qf5+ 0-1

[Event "20th Vidmar Mem"]
[Site "Bled SLO"]
[Date "2016.06.25"]
[Round "2.1"]
[White "Skoberne, Jure"]
[Black "Volokitin, Andrei"]
[Result "0-1"]
[WhiteTitle "GM"]
[BlackTitle "GM"]
[WhiteElo "2572"]
[BlackElo "2624"]
[WhiteFideId "14604299"]
[BlackFideId "14107090"]
[EventDate "2016.06.24"]

1. d4 Nf6 2. Nf3 e6 3. Bf4 c5 4. e3 d5 5. c3 Be7 6. Nbd2 O-O 7. Bd3 b6 8. Ne5
Ba6 9. Bc2 Qc8 10. Qf3 Nc6 11. Rc1 cxd4 12. exd4 Nxe5 13. dxe5 Nd7 14. c4 dxc4
15. O-O Rd8 16. Bb1 b5 17. Ne4 Bb7 18. Qg4 Bxe4 19. Bxe4 f5 20. exf6 Nxf6 21.
Qf3 Nxe4 22. Qxe4 Bf6 23. Be5 Bxe5 24. Qxe5 Rd5 25. Qe4 Qd7 26. b3 Rc8 27. bxc4
Rd4 28. Qe5 bxc4 29. Rfe1 c3 30. Qxe6+ Qxe6 31. Rxe6 Rd2 32. a4 c2 33. Kf1 Rcd8
34. Ree1 a5 35. g3 g5 0-1

[Event "20th Vidmar Mem"]
[Site "Bled SLO"]
[Date "2016.06.25"]
[Round "2.2"]
[White "Kozul, Zdenko"]
[Black "Ivanisevic, Ivan"]
[Result "0-1"]
[WhiteTitle "GM"]
[BlackTitle "GM"]
[WhiteElo "2594"]
[BlackElo "2643"]
[WhiteFideId "14502879"]
[BlackFideId "912417"]
[EventDate "2016.06.24"]

1. d4 d5 2. c4 e6 3. Nf3 Nf6 4. e3 b6 5. Nc3 Bd6 6. Qa4+ c6 7. Qc2 O-O 8. e4
Nxe4 9. Nxe4 dxe4 10. Qxe4 f5 11. Qd3 c5 12. d5 e5 13. Qd1 e4 14. Ng5 h6 15. Nh3
Nd7 16. Nf4 Ne5 17. h4 b5 18. cxb5 c4 19. Qd4 Qf6 20. Be3 Bd7 21. Rh3 Nd3+ 22.
Bxd3 cxd3 23. Qxf6 Rxf6 24. a4 Be5 25. Rc1 a6 26. b6 Bxa4 27. b7 Rb8 28. Rc8+
Kf7 29. Rxb8 Bxb8 30. Ne6 f4 31. Bxf4 Bxf4 32. Nxf4 Rb6 33. Nxd3 exd3 34. Rf3+
Ke8 35. Re3+ Kd8 36. Rxd3 Rxb7 37. Ra3 Bb5 38. Rg3 Rd7 39. f4 Ke8 0-1

[Event "20th Vidmar Mem"]
[Site "Bled SLO"]
[Date "2016.06.25"]
[Round "2.4"]
[White "Sebenik, Matej"]
[Black "Lenic, Luka"]
[Result "1/2-1/2"]
[WhiteTitle "GM"]
[BlackTitle "GM"]
[WhiteElo "2530"]
[BlackElo "2624"]
[WhiteFideId "14602296"]
[BlackFideId "14603853"]
[EventDate "2016.06.24"]

1. d4 Nf6 2. c4 e6 3. Nf3 d5 4. g3 Bb4+ 5. Bd2 Bd6 6. Nc3 O-O 7. Bg5 c6 8. Bg2
h6 9. Bxf6 Qxf6 10. O-O Bc7 11. Qd3 Nd7 12. Nd2 Rd8 13. e3 Qe7 14. Qc2 Nf6 15.
Rad1 e5 16. cxd5 cxd5 17. dxe5 Bxe5 18. Nb3 Be6 19. Nd4 Rac8 20. Qb3 a6 21. Rc1
Bxd4 22. exd4 b5 23. a4 Ne4 24. Rfe1 bxa4 25. Qxa4 Qb7 26. Qa3 Nxc3 27. Rxc3
Rxc3 28. bxc3 Rc8 29. Bf1 Rc6 30. c4 Rxc4 31. Bxc4 dxc4 32. Qc3 Qc6 33. f3 Qb5
34. Kf2 Qh5 35. h4 Qf5 36. Qe3 Qh3 37. Rg1 Qh2+ 38. Rg2 Qh1 39. Rg1 Qh3 40. Qe5
Qh2+ 41. Rg2 Qh1 42. Rg1 Qh2+ 43. Rg2 Qh1 1/2-1/2

[Event "20th Vidmar Mem"]
[Site "Bled SLO"]
[Date "2016.06.25"]
[Round "2.5"]
[White "Naiditsch, Arkadij"]
[Black "Nisipeanu, Liviu-Dieter"]
[Result "0-1"]
[WhiteTitle "GM"]
[BlackTitle "GM"]
[WhiteElo "2657"]
[BlackElo "2668"]
[WhiteFideId "4650891"]
[BlackFideId "1202758"]
[EventDate "2016.06.24"]

1. e4 e6 2. d4 d5 3. Nc3 Nf6 4. Bg5 dxe4 5. Nxe4 Nbd7 6. Nf3 h6 7. Nxf6+ Nxf6 8.
Bxf6 Qxf6 9. Bb5+ c6 10. Bd3 Bd6 11. Qe2 Bd7 12. O-O-O O-O-O 13. Kb1 Kb8 14. Be4
e5 15. dxe5 Bxe5 16. Bxc6 Bxc6 17. Nxe5 Bxg2 18. Rhe1 Bh3 19. c4 Rxd1+ 20. Rxd1
Re8 21. Rd5 Be6 22. Ra5 Qf5+ 23. Ka1 Qf4 24. Qd1 Qxf2 25. c5 Bd5 26. Nd3 Qe2 0-1

[Event "20th Vidmar Mem"]
[Site "Bled SLO"]
[Date "2016.06.26"]
[Round "3.1"]
[White "Nisipeanu, Liviu-Dieter"]
[Black "Skoberne, Jure"]
[Result "1/2-1/2"]
[WhiteTitle "GM"]
[BlackTitle "GM"]
[WhiteElo "2668"]
[BlackElo "2572"]
[WhiteFideId "1202758"]
[BlackFideId "14604299"]
[EventDate "2016.06.24"]

1. c4 Nf6 2. Nc3 d6 3. g3 g6 4. Bg2 Bg7 5. d3 c5 6. Rb1 Nc6 7. a3 a5 8. Nf3 Bd7
9. O-O Qc8 10. Bg5 Bh3 11. Bxf6 Bxf6 12. Nd5 Bxg2 13. Kxg2 Rb8 14. b4 axb4 15.
axb4 cxb4 16. Nxb4 e6 17. Qd2 O-O 18. Qf4 Be7 19. Na2 d5 20. cxd5 exd5 21. Nc3
Qe6 22. e3 Rfd8 23. Rb5 Bd6 24. Qa4 Ra8 25. Qd1 Bb4 26. Ne2 Qe7 27. Nf4 Ra5 28.
Rxa5 Bxa5 29. Qb3 Qb4 30. Qa2 Qc5 31. Rb1 b6 32. Qa4 d4 33. Rb5 Qc3 34. exd4 Nb4
35. Re5 Qc6 36. Qb3 Qc2 37. Qc4 Rc8 38. Qxc2 Nxc2 39. Re7 Bc3 40. Nd5 Nxd4 41.
Re4 Rc5 42. Nxc3 Nxf3 43. Na4 Rf5 44. Nxb6 Ng5 45. Rd4 Ne6 46. Rd5 Rxd5 47. Nxd5
Nd4 48. f4 f5 49. Kf2 Kf7 50. Nb4 h6 51. Ke3 Nb5 52. d4 Ke6 53. Kd3 Kd6 54. Nc2
Kd5 55. Ne3+ Kc6 56. Nd1 Nd6 57. Nc3 g5 58. Nd1 gxf4 59. gxf4 Kd5 60. Ne3+ Kc6
61. Kc3 Kb5 62. Kb3 h5 63. h4 Kc6 64. Kb4 Ne4 65. Kc4 Nd6+ 66. Kd3 Kb5 67. Nd5
Nf7 68. Nc7+ Kc6 69. Ne8 Nh8 70. Ng7 Ng6 71. Nxf5 Nxf4+ 72. Kc4 Ng6 73. d5+ Kd7
74. Kc5 Kc7 75. Kb5 Kd7 76. Kc4 Ne5+ 77. Kc5 Nf3 78. d6 Ke6 79. Ne3 Nxh4 80. Kc6
Nf3 81. Ng2 Nd4+ 82. Kc5 Nb3+ 1/2-1/2

[Event "20th Vidmar Mem"]
[Site "Bled SLO"]
[Date "2016.06.26"]
[Round "3.2"]
[White "Lenic, Luka"]
[Black "Naiditsch, Arkadij"]
[Result "1/2-1/2"]
[WhiteTitle "GM"]
[BlackTitle "GM"]
[WhiteElo "2624"]
[BlackElo "2657"]
[WhiteFideId "14603853"]
[BlackFideId "4650891"]
[EventDate "2016.06.24"]

1. d4 Nf6 2. c4 g6 3. Nf3 Bg7 4. g3 O-O 5. Bg2 d6 6. O-O Nbd7 7. Nc3 e5 8. e4
Re8 9. Re1 exd4 10. Nxd4 Ng4 11. h3 Nge5 12. b3 Nc5 13. Be3 c6 14. Qc2 Ned3 15.
Red1 Nb4 16. Qe2 a5 17. a3 Nba6 18. Qc2 Qe7 19. Rab1 f5 20. b4 axb4 21. axb4
Nxe4 22. Nxe4 fxe4 23. b5 Nb8 24. bxc6 Nxc6 25. Nb5 Be5 26. Nc3 Ra3 27. Nxe4 Bf5
28. g4 Rc3 29. Qd2 Bxe4 30. Bxe4 Kh8 31. c5 dxc5 32. Bxc6 bxc6 33. Rbc1 Rxc1 34.
Rxc1 Rd8 35. Bxc5 Qf6 36. Qe3 Kg7 37. Qe4 Qf4 38. Qxf4 Bxf4 39. Rc4 g5 40. Kg2
Kf7 1/2-1/2

[Event "20th Vidmar Mem"]
[Site "Bled SLO"]
[Date "2016.06.26"]
[Round "3.3"]
[White "Borisek, Jure"]
[Black "Sebenik, Matej"]
[Result "1/2-1/2"]
[WhiteTitle "GM"]
[BlackTitle "GM"]
[WhiteElo "2576"]
[BlackElo "2530"]
[WhiteFideId "14603152"]
[BlackFideId "14602296"]
[EventDate "2016.06.24"]

1. e4 c5 2. Nf3 Nc6 3. Bb5 g6 4. Bxc6 dxc6 5. d3 Bg7 6. h3 Nf6 7. Nc3 O-O 8. Be3
b6 9. Qd2 e5 10. Bh6 Qd6 11. Bxg7 Kxg7 12. O-O Re8 13. a4 a5 14. b3 Nh5 15. Qe3
Nf4 16. Ne2 Qf6 17. Nxf4 exf4 18. Qe2 Be6 19. Rfe1 h5 20. e5 Qf5 21. Qe4 Qxe4
22. Rxe4 Bd5 23. Rxf4 Bxf3 24. Rxf3 Rxe5 25. Re3 1/2-1/2

[Event "20th Vidmar Mem"]
[Site "Bled SLO"]
[Date "2016.06.26"]
[Round "3.4"]
[White "Ivanisevic, Ivan"]
[Black "Beliavsky, Alexander G"]
[Result "1/2-1/2"]
[WhiteTitle "GM"]
[BlackTitle "GM"]
[WhiteElo "2643"]
[BlackElo "2603"]
[WhiteFideId "912417"]
[BlackFideId "14602377"]
[EventDate "2016.06.24"]

1. d4 d5 2. c4 c6 3. Nf3 Nf6 4. Nc3 dxc4 5. a4 Bf5 6. Ne5 Nbd7 7. Nxc4 Nb6 8.
Ne5 a5 9. e3 e6 10. g4 Bg6 11. h4 h5 12. g5 Nfd5 13. Nxg6 fxg6 14. Bd3 Ne7 15.
Ne2 Nf5 16. Nf4 Kf7 17. Qb3 Bb4+ 18. Bd2 Nd5 19. Bxb4 Nxf4 20. Bxf5 gxf5 21. Bc3
Qd5 22. Qxb7+ Kg6 23. Kd2 Qe4 24. exf4 Qxf4+ 25. Kc2 Qe4+ 26. Kd2 Qf4+ 27. Kc2 1/2-1/2

[Event "20th Vidmar Mem"]
[Site "Bled SLO"]
[Date "2016.06.26"]
[Round "3.5"]
[White "Volokitin, Andrei"]
[Black "Kozul, Zdenko"]
[Result "1-0"]
[WhiteTitle "GM"]
[BlackTitle "GM"]
[WhiteElo "2624"]
[BlackElo "2594"]
[WhiteFideId "14107090"]
[BlackFideId "14502879"]
[EventDate "2016.06.24"]

1. e4 c5 2. Nf3 d6 3. d4 cxd4 4. Nxd4 Nf6 5. Nc3 Nc6 6. Bg5 e6 7. Qd2 a6 8.
O-O-O Bd7 9. f4 b5 10. Bxf6 gxf6 11. Kb1 Rc8 12. g3 Qb6 13. Nxc6 Bxc6 14. Bh3
Rc7 15. Rhe1 Be7 16. f5 b4 17. Ne2 e5 18. Nc1 O-O 19. g4 Rfc8 20. Nb3 Bd7 21.
Na1 Kg7 22. Bf1 a5 23. Re3 h6 24. Rh3 Rh8 25. Nb3 Bc6 26. Bg2 Bb7 27. Nc1 Rc4
28. Qd3 Qc6 29. Ne2 Ba6 30. Ng3 Rd4 31. Qf3 Rc8 32. Rc1 Rd2 33. Qe3 1-0

[Event "20th Vidmar Mem"]
[Site "Bled SLO"]
[Date "2016.06.27"]
[Round "4.1"]
[White "Skoberne, Jure"]
[Black "Kozul, Zdenko"]
[Result "0-1"]
[WhiteTitle "GM"]
[BlackTitle "GM"]
[WhiteElo "2572"]
[BlackElo "2594"]
[WhiteFideId "14604299"]
[BlackFideId "14502879"]
[EventDate "2016.06.24"]

1. d4 Nf6 2. Nf3 c6 3. Bg5 Ne4 4. Bf4 Qb6 5. Qc1 d6 6. c3 e5 7. Be3 Qc7 8. Nbd2
Nf6 9. Bg5 Nbd7 10. e4 h6 11. Bh4 Be7 12. Bd3 Nf8 13. Nc4 exd4 14. cxd4 Nxe4 15.
Bxe4 d5 16. Bxd5 cxd5 17. Bxe7 Qxe7+ 18. Ne3 Be6 19. O-O Rc8 20. Qd1 Ng6 21.
Qa4+ Qd7 22. Qxa7 O-O 23. Ne5 Nxe5 24. dxe5 d4 25. Rfd1 Rfd8 26. Qb6 Bxa2 27.
Rd2 Qe6 28. Qxe6 Bxe6 29. Nc2 d3 30. Ne3 Rd4 31. g3 g5 32. Rad1 Rc5 33. Rxd3
Rxd3 34. Rxd3 Rxe5 35. Rd4 Bh3 36. Rd3 Rb5 37. b3 Be6 38. Nc4 Kf8 39. f3 Rc5 40.
Kf2 b5 41. Nd2 Ke7 42. h4 f5 43. hxg5 hxg5 44. f4 g4 45. Ke3 Rc1 46. Kf2 Bd7 47.
Ke3 Bc6 48. b4 Rc2 49. Kd4 Kd6 50. Ke3+ Bd5 51. Kd4 Bc4 52. Nxc4+ Rxc4+ 53. Ke3+
Ke6 54. Rd4 Rc2 55. Rd3 Rc1 56. Kd2 Rc4 57. Re3+ Kf6 58. Rb3 Re4 59. Rc3 Rxb4
60. Rc6+ Ke7 61. Kd3 Rb3+ 62. Kd4 Rxg3 63. Rc5 b4 64. Rxf5 b3 65. Rb5 Kf6 66.
Ke4 Rc3 67. Kd4 Rh3 68. Ke4 Rf3 69. Rb6+ Ke7 70. f5 Kd7 71. f6 Kc7 72. Rb4 Kd6
73. Rb7 Kc5 74. f7 Kc4 0-1

[Event "20th Vidmar Mem"]
[Site "Bled SLO"]
[Date "2016.06.27"]
[Round "4.2"]
[White "Beliavsky, Alexander G"]
[Black "Volokitin, Andrei"]
[Result "0-1"]
[WhiteTitle "GM"]
[BlackTitle "GM"]
[WhiteElo "2603"]
[BlackElo "2624"]
[WhiteFideId "14602377"]
[BlackFideId "14107090"]
[EventDate "2016.06.24"]

1. d4 Nf6 2. c4 g6 3. Nc3 d5 4. Bf4 Bg7 5. e3 c5 6. dxc5 Qa5 7. Rc1 dxc4 8. Bxc4
O-O 9. Nf3 Qxc5 10. Bb3 Bg4 11. O-O Qh5 12. Nd5 Nc6 13. Rxc6 Nxd5 14. Rc5 Bxf3
15. gxf3 e6 16. Bxd5 Rad8 17. Qb3 b6 18. Rb5 Rxd5 19. Rxd5 Qxd5 20. Qxd5 exd5
21. b3 d4 22. Rd1 Rd8 23. Rd3 f5 24. Kf1 Kf7 25. Ke2 Ke6 26. Rd1 Rc8 27. Kd2 Kd5
28. Rg1 Bf8 29. e4+ Ke6 30. Rd1 Bb4+ 31. Kd3 Rc3+ 32. Kxd4 Rxf3 33. exf5+ gxf5
34. Bb8 Rxf2 35. Kc4 a5 36. a4 f4 37. Kb5 f3 38. Bc7 Rb2 39. Bxb6 Rxb3 40. Bxa5
Bxa5+ 41. Kxa5 f2 0-1

[Event "20th Vidmar Mem"]
[Site "Bled SLO"]
[Date "2016.06.27"]
[Round "4.3"]
[White "Sebenik, Matej"]
[Black "Ivanisevic, Ivan"]
[Result "1/2-1/2"]
[WhiteTitle "GM"]
[BlackTitle "GM"]
[WhiteElo "2530"]
[BlackElo "2643"]
[WhiteFideId "14602296"]
[BlackFideId "912417"]
[EventDate "2016.06.24"]

1. d4 d5 2. c4 e6 3. Nf3 Nf6 4. g3 g6 5. Bg2 Bg7 6. O-O O-O 7. Qc2 b6 8. cxd5
exd5 9. Bf4 Na6 10. Nc3 Bb7 11. Be5 Qe7 12. Rfd1 c5 13. Rac1 Rfd8 14. a3 Bh6 15.
Bxf6 Qxf6 16. e3 Nc7 17. b4 c4 18. b5 a6 19. a4 axb5 20. axb5 Qe6 21. Nd2 Rab8
22. Ra1 Ne8 23. Ra7 Nd6 24. Qb2 Bf8 25. Nf3 Nc8 26. Ra4 f6 27. Ne1 Bd6 28. Nc2
Ne7 29. Ra7 Kf8 30. Re1 Qc8 31. Nb4 Bxb4 32. Qxb4 Qe6 33. Kf1 f5 34. h4 Qd6 35.
Qxd6 Rxd6 36. Rea1 Nc8 37. R7a2 Rd8 38. Ke2 Ke7 39. Kd2 Kd6 40. Bf3 Ne7 41. Ra7
Ra8 42. Rxa8 1/2-1/2

[Event "20th Vidmar Mem"]
[Site "Bled SLO"]
[Date "2016.06.27"]
[Round "4.4"]
[White "Naiditsch, Arkadij"]
[Black "Borisek, Jure"]
[Result "1-0"]
[WhiteTitle "GM"]
[BlackTitle "GM"]
[WhiteElo "2657"]
[BlackElo "2576"]
[WhiteFideId "4650891"]
[BlackFideId "14603152"]
[EventDate "2016.06.24"]

1. e4 e5 2. Nf3 Nc6 3. Bb5 a6 4. Ba4 Nf6 5. O-O Be7 6. d3 b5 7. Bb3 d6 8. a3 Na5
9. Ba2 c5 10. Nc3 Be6 11. Bd2 O-O 12. Bxe6 fxe6 13. Ng5 Qd7 14. f4 Nc6 15. Ne2
Nh5 16. Nh3 Nxf4 17. Bxf4 exf4 18. Nexf4 Bf6 19. c3 Be5 20. Qg4 Bxf4 21. Nxf4
Rae8 22. Rf2 Rf6 23. Raf1 Ref8 24. h4 Qf7 25. h5 h6 26. Kh1 Ne5 27. Qh3 Nd7 28.
Kh2 e5 29. Ng6 Rxf2 30. Rxf2 Qxf2 31. Qxd7 Qf6 32. Nxf8 Qh4+ 33. Qh3 Qf4+ 34.
Qg3 Qxf8 35. b4 cxb4 36. axb4 Qf1 37. Qe3 Qd1 38. Qh3 Qe1 39. Qe6+ Kh8 40. Qf5
Qh4+ 41. Kg1 Qe1+ 42. Kh2 Qh4+ 43. Qh3 Qe1 44. Qc8+ Kh7 45. Qf5+ Kh8 46. Kh3 Qd1
47. Qf3 Qh1+ 48. Kg4 Kg8 49. Kf5 Kf7 50. Qe2 Qb1 51. Kg4 Kg8 52. Qd2 Qb3 53. Kh4
Qb1 54. Kg3 Kh7 55. Qe3 Qd1 56. Kh4 Kg8 57. g3 Qh1+ 58. Kg4 Qd1+ 59. Kf5 Qxh5+
60. Ke6 Qg6+ 61. Kd7 Qf6 62. Qb6 Qf3 63. Qxd6 Qxg3 64. c4 Kh7 65. c5 Qh3+ 66.
Kc7 h5 67. c6 h4 68. Kb8 1-0

[Event "20th Vidmar Mem"]
[Site "Bled SLO"]
[Date "2016.06.27"]
[Round "4.5"]
[White "Nisipeanu, Liviu-Dieter"]
[Black "Lenic, Luka"]
[Result "1/2-1/2"]
[WhiteTitle "GM"]
[BlackTitle "GM"]
[WhiteElo "2668"]
[BlackElo "2624"]
[WhiteFideId "1202758"]
[BlackFideId "14603853"]
[EventDate "2016.06.24"]

1. d4 Nf6 2. c4 e6 3. Nc3 Bb4 4. e3 c5 5. Ne2 cxd4 6. exd4 d5 7. a3 Be7 8. Nf4
dxc4 9. Bxc4 O-O 10. Be3 Nc6 11. O-O Bd6 12. Nh5 Nd5 13. Bxd5 exd5 14. h3 Ne7
15. Bf4 Ng6 16. Bxd6 Qxd6 17. Re1 Be6 18. Qd2 Rfe8 19. Rac1 Rac8 20. Ne2 b6 21.
Nhf4 Nxf4 22. Nxf4 Rxc1 23. Qxc1 f6 24. h4 Rc8 25. Qd2 Bf7 26. Ne2 Re8 27. Rc1
Qe6 28. Nf4 Qg4 29. g3 Bg6 30. Nxd5 Be4 31. Nc3 Bf3 32. Qf4 Qxf4 33. gxf4 Rd8
34. d5 Rd7 35. Kh2 Kf8 36. Kg3 1/2-1/2

[Event "20th Vidmar Mem"]
[Site "Bled SLO"]
[Date "2016.06.28"]
[Round "5.1"]
[White "Lenic, Luka"]
[Black "Skoberne, Jure"]
[Result "1-0"]
[WhiteTitle "GM"]
[BlackTitle "GM"]
[WhiteElo "2624"]
[BlackElo "2572"]
[WhiteFideId "14603853"]
[BlackFideId "14604299"]
[EventDate "2016.06.24"]

1. d4 Nf6 2. c4 d6 3. Nf3 g6 4. Nc3 Bg7 5. e4 O-O 6. Be2 e5 7. O-O Nbd7 8. Be3
Qe7 9. Qc2 c6 10. Rad1 exd4 11. Nxd4 a6 12. Bg5 h6 13. Bh4 Nc5 14. Bf3 Ne6 15.
Nxe6 Bxe6 16. c5 Qc7 17. Bg3 Qa5 18. Bxd6 Rfe8 19. Na4 Nd7 20. Be2 b5 21. cxb6
Nxb6 22. Nxb6 Qxb6 23. b3 Bd4 24. Rc1 Qa5 25. Rfd1 c5 26. Bf4 Kh7 27. Bc4 Qb6
28. Rd3 Bxc4 29. Qxc4 Qe6 30. Be3 Qxc4 31. Rxc4 Rxe4 32. g3 Rd8 33. Kf1 g5 34.
Rc2 Kg6 35. b4 c4 36. Rxc4 Bxe3 37. Rc6+ 1-0

[Event "20th Vidmar Mem"]
[Site "Bled SLO"]
[Date "2016.06.28"]
[Round "5.2"]
[White "Borisek, Jure"]
[Black "Nisipeanu, Liviu-Dieter"]
[Result "1/2-1/2"]
[WhiteTitle "GM"]
[BlackTitle "GM"]
[WhiteElo "2576"]
[BlackElo "2668"]
[WhiteFideId "14603152"]
[BlackFideId "1202758"]
[EventDate "2016.06.24"]

1. e4 c6 2. d4 d5 3. e5 Bf5 4. Nf3 e6 5. Be2 Ne7 6. O-O c5 7. Be3 Nec6 8. dxc5
Nd7 9. c4 dxc4 10. Na3 Bxc5 11. Nxc4 O-O 12. Bf4 Nb6 13. Nd6 Bxd6 14. exd6 Qf6
15. Qd2 h6 16. Bb5 Be4 17. Bxc6 Bxc6 18. Ne5 Bd5 19. a4 Qf5 20. a5 Nc8 21. d7
Ne7 22. Bg3 Rfd8 23. Qb4 Qe4 24. Qxe4 Bxe4 25. f3 Bd5 26. Bf2 f6 27. Bc5 Nc6 28.
Nxc6 Bxc6 29. Rfc1 a6 30. Rd1 Bd5 31. Rd4 Rxd7 32. Rad1 Kf7 33. h4 h5 34. b4 Rc7
35. Kf2 Re8 36. R1d2 Rcc8 37. Rd1 Bc6 38. Rd6 e5 39. Re1 Rcd8 40. Red1 Rxd6 41.
Rxd6 Kg6 42. Be3 Kf5 43. Bb6 e4 44. fxe4+ Rxe4 45. Rd4 Re6 46. g3 Bb5 47. Rf4+
Kg6 48. Be3 Re8 49. Kf3 Re6 50. Kf2 Re7 51. Kf3 Bd7 52. Kf2 Bg4 53. Rc4 Rd7 54.
Bf4 Rd3 55. Rc7 Bf3 56. Bd6 Rxd6 57. Kxf3 b6 58. axb6 Rxb6 59. Rc4 f5 60. Kf4
Kf6 61. Rd4 g6 62. Rc4 Ke6 63. Kg5 Kd5 64. Rf4 Re6 65. Rf1 Kc4 66. Rf4+ Kd3 67.
Rf1 Rb6 68. Rf4 Ke2 69. Kh6 Re6 70. Kg5 Ke3 71. Rf1 Rd6 72. Rf4 Rb6 73. Kh6 Re6
74. Rf1 Kd4 75. Kg5 Rb6 76. Rf4+ Kc3 77. Kh6 Kb3 78. Kg5 Ka3 79. Kh6 Ka4 80. Kg5
Re6 81. Kh6 Kb5 82. Kg5 Kc6 83. Kh6 Kd5 84. Kg5 Rc6 85. Rf1 Ke4 86. Rf4+ Ke5 87.
Rf3 Kd5 88. Rf4 Re6 89. Kh6 Kd6 90. Kg5 Ke7 91. Rf3 Rc6 92. Rd3 Rb6 93. Rc3 Kd7 1/2-1/2